[Event "RSA-ch U10 Girls"]
[Site "Gauteng"]
[Date "2017.04.08"]
[Round "7"]
[White "Goosen, Mignon"]
[Black "Malan, Jane"]
[Result "1-0"]
[WhiteElo "714"]
[BlackElo "699"]
[PlyCount "37"]
[EventDate "2017.04.05"]
[EventType "swiss"]
[EventRounds "11"]
[EventCountry "RSA"]
[SourceTitle "CBM 177 Extra"]
[Source "ChessBase"]
[SourceDate "2017.04.27"]
[SourceVersion "1"]
[SourceVersionDate "2017.04.27"]
[SourceQuality "1"]

1. e4 c5 2. Nf3 e5 3. d3 Be7 4. Be3 Nf6 5. a3 0-0 6. g3 h6 7. Bg2 d6 8. 0-0 Be6 9. Nc3 Nc6 10. Nd5 Bxd5 11. exd5 Nxd5 12. Bd2 f5 13. Nh4 Bxh4 14. gxh4 Qxh4 15. Bxd5+ Kh8 16. Bg2 Rf6 17. f4 Rg6 18. Qf3 Nd4 19. Qf2 1-0

[Event "RSA-ch U10 Girls"]
[Site "Gauteng"]
[Date "2017.04.06"]
[Round "2"]
[White "Boshoma, Chisomo"]
[Black "Goosen, Mignon"]
[Result "1/2-1/2"]
[WhiteElo "564"]
[BlackElo "714"]
[PlyCount "51"]
[EventDate "2017.04.05"]
[EventType "swiss"]
[EventRounds "11"]
[EventCountry "RSA"]
[SourceTitle "CBM 177 Extra"]
[Source "ChessBase"]
[SourceDate "2017.04.27"]
[SourceVersion "1"]
[SourceVersionDate "2017.04.27"]
[SourceQuality "1"]

1. d4 d5 2. e3 Nc6 3. Nf3 Bf5 4. Bb5 Nf6 5. 0-0 a6 6. Ba4 b5 7. Bb3 e6 8. Nbd2 Bd6 9. c4 bxc4 10. Ba4 Qd7 11. b3 c3 12. Nb1 c2 13. Qe1 cxb1Q 14. Rxb1 Bxb1 15. Bd2 Bd3 16. Qc1 0-0 17. Bxc6 Qc8 18. Re1 Rb8 19. Qc3 Bb5 20. Bxb5 Rxb5 21. Qd3 c5 22. Ng5 g6 23. Rc1 Qd7 24. a4 Rb6 25. dxc5 Rbb8 26. c6 1/2-1/2